000 00717nam a22002417a 4500
005 20080606130124.0
006 a|||||r|||||00| 1b
007 ta
008 080606t xxu||||| |||| 00| 0 eng d
020 _a8179631591
_c250.00
040 _aDPL
_bEN
082 _a / ALL
245 _aAll time favourite tales
260 _aNew Delhi
_bSterling Publishers
_c2006
260 _bBlue Berry (Vender)
300 _aunpaged
_bcol. ill.
_c26cm (Hb)
700 _aSahgal, Bittu
700 _aSam, D.S.
700 _aSultan Ahmad
700 _aSam, D.S.
942 _2ddc
_cCH
_h / ALL
999 _c13367
_d13367